00421 2200169 4500001002100000005001500021008004100036020001800077035001900095041000700114082001000121090001600131100001500147245003500162260003500197300001900232INLIS00000000002255720241224131316241224||||||||| | ||| |||| || |  a979-489-475-3 0010-1224022557 aid0 a636.6 a636.6 SAR s0 aB. Sarwono00aSukses dalam Konkurs Perkuktut aJakartabPenebar Swadayac2001 ax;86 hlm;21 cm